000 01269cam a22002054a 4500
005 20250605164123.0
008 250528s ||||||||||||||||||||||||d
035 _a18369
020 _a273688839
040 _aGR-AtMCL
_bgre
_dGR-AtMCL
_eAACR2
245 1 _aThe Business Student's Handbook / Learning Skills for Study and Employment: Third Edition
250 _a3rd
260 _bFt Prentice Hall,
_c2005
300 _a412
520 _aThis book integrates study skills, interpersonal skills and work skills to help students gain better marks in their studies and success in the workplace. Preface, Acknowledgements, Learning and Its Context, Learning and Skills and Employment, Managing Your Studies, The Learning Process, Study Skills, Reading and Note Taking, Basic Numbers, Written Communication, Using Information and Communication Technologies, Gaining Good Marks, Working with Others, Talking and Listening, Working in Groups, Presenting to Others, Conceptual Skills, Complexity and Cases and Diagrams, Obtaining Data and Information, Making Sense of Data, Increasing Your Creativity, Integrating Your Skills, Managing Projects, Into Employment, References, Index.
700 1 _aCameron Sheila
_94645
942 _cBK
999 _c3731
_d3731